Online
Catalog

Enseñanzas del maestro : (Record no. 209)

MARC details
000 -CABECERA
campo de control de longitud fija 01485nam a2200289 a 4500
001 - NÚMERO DE CONTROL
campo de control 000000209
005 - FECHA Y HORA DE LA ÚLTIMA TRANSACCIÓN
campo de control 20240305100140.0
008 - DATOS DE LONGITUD FIJA--INFORMACIÓN GENERAL
campo de control de longitud fija 081117s2007 dr ac r 001 0 spa d
020 ## - NÚMERO INTERNACIONAL ESTÁNDAR DEL LIBRO
Número Internacional Estándar del Libro 9789945862805
020 ## - NÚMERO INTERNACIONAL ESTÁNDAR DEL LIBRO
Número Internacional Estándar del Libro 9945862804
040 ## - FUENTE DE LA CATALOGACIÓN
Centro catalogador/agencia de origen DO-SdBNP
Lengua de catalogación spa
Centro/agencia transcriptor BNPHU
082 ## - NÚMERO DE LA CLASIFICACIÓN DECIMAL DEWEY
Número de clasificación 294.5436
Número de documento/Ítem D488e
100 1# - ENTRADA PRINCIPAL--NOMBRE DE PERSONA
Nombre de persona Devanand Saraswati, Swami Guru,
Fechas asociadas al nombre 1917-
9 (RLIN) 684
245 10 - MENCIÓN DE TÍTULO
Título Enseñanzas del maestro :
Resto del título el camino directo hacia la realización divina /
Mención de responsabilidad, etc. Swami Guru Devanand, Saraswati Ji Maharaj.
260 ## - PUBLICACIÓN, DISTRIBUCIÓN, ETC.
Lugar de publicación, distribución, etc. Santo Domingo :
Nombre del editor, distribuidor, etc. Sociedad Internacional de Realización Divina,
Fecha de publicación, distribución, etc. 2007.
300 ## - DESCRIPCIÓN FÍSICA
Extensión 170 p. :
Otras características físicas il., retr. ;
Dimensiones 23 cm.
500 ## - NOTA GENERAL
Nota general Incluye datos biográficos del autor en la solapa de la cubierta.
505 2# - NOTA DE CONTENIDO CON FORMATO
Título Prólogo --
-- Desarrollo del magnetismo a través del Mantra yoga meditación --
-- La búsquedad de la sabiduría, o la integración física, mental y espiritual --
-- Ley del Karma, reencarnación y desarrollo de la inteligencia --
-- Beneficios de la meditación a nivel físico y psicológico --
-- Transformación de la personalidad --
-- El Mantra yoga meditación --
-- Shri Adi Shankaracharya --
-- Esencia de la filosofía --
-- Importancia de la práctica espiritual --
-- Más preguntas y respuestas.
590 ## - NOTA LOCAL (RLIN)
Nota local Inventariado, 2018/VM
650 #4 - PUNTO DE ACCESO ADICIONAL DE MATERIA--TÉRMINO DE MATERIA
Término de materia o nombre geográfico como elemento de entrada Yoga
9 (RLIN) 685
650 #4 - PUNTO DE ACCESO ADICIONAL DE MATERIA--TÉRMINO DE MATERIA
Término de materia o nombre geográfico como elemento de entrada Magnetismo
9 (RLIN) 686
650 #4 - PUNTO DE ACCESO ADICIONAL DE MATERIA--TÉRMINO DE MATERIA
Término de materia o nombre geográfico como elemento de entrada Meditación
9 (RLIN) 687
650 #4 - PUNTO DE ACCESO ADICIONAL DE MATERIA--TÉRMINO DE MATERIA
Término de materia o nombre geográfico como elemento de entrada Sabiduría
9 (RLIN) 688
650 #4 - PUNTO DE ACCESO ADICIONAL DE MATERIA--TÉRMINO DE MATERIA
Término de materia o nombre geográfico como elemento de entrada Hinduismo
9 (RLIN) 689
700 1# - PUNTO DE ACCESO ADICIONAL--NOMBRE DE PERSONA
Nombre de persona Maharaj, Ji Maharaj
9 (RLIN) 690
910 ## - DATOS DE OPCIÓN DEL USUARIO (OCLC)
Datos de opción del usuario Validado. Control de calidad. MFF
Holdings
Estado de retiro Estado de pérdida Restricciones de uso No para préstamo Código de colección Localización permanente Ubicación/localización actual Ubicación en estantería Fecha de adquisición Fuente de adquisición Número de inventario Total de préstamos Signatura topográfica completa Código de barras Fecha visto por última vez Número de copia Precio válido a partir de Tipo de ítem Koha
      Préstamo en sala Dominicana de Servicio Biblioteca Nacional Pedro Henríquez Ureña Biblioteca Nacional Pedro Henríquez Ureña Depósito 22.06.2009 000135 LF1   294.5436 D488e 209-30 25.06.2020 e. 3 25.06.2020 Libros y folletos
      Excluido de préstamo Patrimonio Dominicano Biblioteca Nacional Pedro Henríquez Ureña Biblioteca Nacional Pedro Henríquez Ureña Depósito 22.06.2009 000133 LF1   294.5436 D488e 209-10 25.06.2020   25.06.2020 No se presta
      Excluido de préstamo Patrimonio Dominicano Biblioteca Nacional Pedro Henríquez Ureña Biblioteca Nacional Pedro Henríquez Ureña Depósito 22.06.2009 000134 LF1   294.5436 D488e 209-20 25.06.2020 e. 2 25.06.2020 No se presta

Powered by Koha